01476nam a2200301 a 450000100060000000300080000600500170001400800410003103500190007204000450009104100080013608200270014410000320017124501170020325000210032026000580034130000170039950001860041650000740060250400470067650500220072365000410074570000520078694200120083899900170085095201550086795201520102259530BD-RjUL20211209080737.0161226r19681898enk o| 001 0 eng d a(BD-RjUL)59654 aOCLCEbengcOCLCEdOCLCQdOCLCAdBD-RjUL aeng04a340.0941223bPOH 19681 aPollock, Frederick,917706814aThe history of English law before the time of Edward I /cBy Sir Frederick Pollock and Frederic William Maitland a2nd ed. reissued aCambridge,bUniversity Press,c1898 [Reprinted 1968]. aV. ;c23 cm. a"Portions of the book have appeared, in the same words or in substance, in the Contemporary review, the English historical review and the Harvard law review."--Pref. to 1st edition. a"The first chapter, by Prof. Maitland, is new."--Pref. to 2d edition. a"List of texts used": v. 1, p. [xix]-xxii. aVol. 1 -- V. 2 -- 0aLawzGreat BritainxHistory.91770691 aMaitland, Frederic William,d1850-1906.9177070 2ddccBK c59530d59530 00102ddc40718NFICaRUCLbRUCLcReadingd1970-07-08eSweets & Zeitlingerg30.00l0o340.0941 POH V-2 1968r2016-12-26 00:00:00tC-1w2016-12-26yBK 00102ddc40708NFICaRUCLbRUCLcStackd1970-07-08eSwets & Zeithingerg30.00l0o340.0941 POH V-1 1968r2016-12-27 00:00:00tC-2w2021-12-09yBK